000 01147nam a2200325 a 4500
001 000024535
003 OSt
005 20250710141410.0
008 110830d1982 dr r 000 0 spa d
040 _aDO-SdBNP
_bspa
_cBNPHU
082 _a510
_bB142m, 1982
100 1 _aBaéz de Erazo, Melba
_937061
245 1 0 _aMatemática básica II /
_cMelba Baéz de Erazo, Reyita Taveras de Frías.
250 _a4a. ed. corregida y aumentada
260 _aSanto Domingo :
_bUASD,
_c1982.
300 _a216 p. ;
_c22 cm.
490 1 _aCiencia y tecnología ;
_v9 ;
500 _aIncluye datos biográficos de las autoras en la contraportada.
504 _aBibliografía : p. 216
590 _aInventariado, 2020/ YL
650 0 _aMatemáticas
_91258
650 4 _aMatemáticas
_xProblemas, ejercícios, etc.
_919473
650 4 _aTeoría de conjuntos
_xProblemas, ejercicios, etc.
_919474
650 4 _aLógica
_xProblemas, ejercicios, etc.
_936516
650 4 _aEcuaciones
_xProblemas, ejercicio
_950280
700 1 2 _aTaveras de Fría, Rayita
_950281
830 0 _aCiencia y tecnología
_n9
_950282
910 _aEn proceso
942 _2ddc
_cLF1
999 _c24028
_d24028